000 00762nam a2200229Ii 4500
003 JO-AjNU
008 230605s9999||||xx |||||||||||||| ||und||
017 _a2005/9/2201
020 _a9957-32-118-8
040 _aJO-AjNU
_bara
_erda
_cJO-AjNU
041 _aara
050 1 4 _aHB180.A7.I73.2006
100 3 _aالعيسى،نزار سعد الدين/ابراهيم سليمان قطف,
_eauthor
_928259
245 0 0 _aالاقتصاد الكلي مبادىء وتطبيقات
250 _aط1
264 3 1 _aعمان:دار الحامد للنشر والتوزيع،2006
300 _a328ص
336 _atext
_btxt
_2rdacontent
337 _aunmediated
_bn
_2rdamedia
338 _avolume
_bnc
_2rdacarrier
650 4 _aالاقتصاد الكلي
_928260
999 _aA10938
_c14506
_d14506